Παγκοσμιοποίηση και ορθοδοξία

Αποθηκεύτηκε σε:
Λεπτομέρειες βιβλιογραφικής εγγραφής
Συγγραφή απο Οργανισμό/Αρχή: Ινστιτούτο Δημοκρατίας Κωνσταντίνος Καραμανλής
Μορφή: Βιβλίο
Γλώσσα:Greek
Δημοσίευση: Αθήνα : Ινστιτούτο Δημοκρατίας Κωνσταντίνος Καραμανλής, 2001.
Σειρά:Κείμενα εργασίας (Ινστιτούτο Δημοκρατίας Κωνσταντίνος Καραμανλής) ; 11
Θέματα:
Ετικέτες: Προσθήκη ετικέτας
Δεν υπάρχουν, Καταχωρήστε ετικέτα πρώτοι!

MARC

LEADER 00000cam a2200000 i 4500
001 1/49442
008 040226s2001 gr | ||| |||| ||gre||
035 |l 10072416 
040 |a GR-MyUa  |b gre  |e AACR2 
041 0 |a gre 
082 7 |a 327.1   |2 (21) 
245 0 0 |a Παγκοσμιοποίηση και ορθοδοξία /   |c εισηγήσεις: Κώστας Βεργόπουλος ... [κ.α.] ; παρεμβάσεις: Ιωάννης Μ. Βαρβιτσιώτης, Κώστας Ζουράρις. 
260 |a Αθήνα :   |b Ινστιτούτο Δημοκρατίας Κωνσταντίνος Καραμανλής,   |c 2001. 
300 |a 39 σ. ;   |c 23 εκ. 
490 1 |a (Κείμενα εργασίας / Ινστιτούτο Δημοκρατίας Κωνσταντίνος Καραμανλής ;   |v  11) 
610 2 0 |a Orthodox Eastern Church. 
650 0 |a Globalization. 
710 2 |a Ινστιτούτο Δημοκρατίας Κωνσταντίνος Καραμανλής. 
830 0 |a Κείμενα εργασίας (Ινστιτούτο Δημοκρατίας Κωνσταντίνος Καραμανλής)  |v  ; 11 
852 |a INST  |b LESVOS  |e 20040226  |h 327.1 ΠΑΓ  |p 005100030774  |q 005100030774  |t BK  |y 0 
901 |a BIBL1-2004-1 
970 |a Χριστόφα  |b Νίκη  |z 26/02/2004